000 00980nam a22002897a 4500
001
003 DO-SdBNP
005 20241030123020.0
007
008 160704b2009 mx 00| 0 spa d
020 _a9786070701542
040 _aBPMSU
_bspa
_cBPMSU
082 _a 839.736
_bL334c 2009
_222
100 1 _aLarsson, Stieg,
_d1954-2004.
245 1 0 _aLa chica que soñaba con una cerillo y un galón de gasolina /
_c Stieg Larsson ; traducción de Martin Lexell y Juan José Orte Román.
_b
260 _aMéxico :
_bEdiciones Destino,
_c2009
300 _a749 p ;
_c24 cm.
_b
534 _pTítulo original:
_tFlickan som lekte med elden.
_a
590 _6Inventariado, 2022/VM
650 4 _aNovela sueca.
650 4 _aProstitución
_vNovela.
650 4 _aCorrupción política
_vNovela
_zSuecia
700 1 _aLexell, Martin,
_d1961-,
_etraductor
700 1 _aOrtega Román, Juan José
_etraductor
910 _aVMateo V. Control de calidad. BPMSU
942 _2ddc
_cBK
999 _c14134
_d14134